Wood Stove dissemination proceeding of the conference (Record no. 42058)
[ view plain ]
| 000 -LEADER | |
|---|---|
| fixed length control field | 00471nam a22001577a 4500 |
| 008 - FIXED-LENGTH DATA ELEMENTS--GENERAL INFORMATION | |
| fixed length control field | 230612b |||||||| |||| 00| 0 eng d |
| 040 ## - CATALOGING SOURCE | |
| Original cataloging agency | National Science Library |
| Transcribing agency | National Science Library |
| 080 ## - UNIVERSAL DECIMAL CLASSIFICATION NUMBER | |
| Universal Decimal Classification number | 683.953(082).2 |
| Item number | M5 |
| 245 ## - TITLE STATEMENT | |
| Title | Wood Stove dissemination proceeding of the conference |
| 260 ## - PUBLICATION, DISTRIBUTION, ETC. | |
| Place of publication, distribution, etc. | London: |
| Name of publisher, distributor, etc. | I T Publishing, |
| Date of publication, distribution, etc. | 1985 |
| 300 ## - PHYSICAL DESCRIPTION | |
| Extent | 202p. |
| 650 ## - SUBJECT ADDED ENTRY--TOPICAL TERM | |
| Topical term or geographic name entry element | Language |
| 653 ## - INDEX TERM--UNCONTROLLED | |
| Uncontrolled term | Science |
| 700 ## - ADDED ENTRY--PERSONAL NAME | |
| Personal name | Clarke, Robin (Ed.) |
| 942 ## - ADDED ENTRY ELEMENTS (KOHA) | |
| Source of classification or shelving scheme | Universal Decimal Classification |
| Koha item type | Reference |
| Withdrawn status | Lost status | Source of classification or shelving scheme | Damaged status | Not for loan | Home library | Current library | Shelving location | Date acquired | Total Checkouts | Full call number | Barcode | Date last seen | Price effective from | Koha item type |
|---|---|---|---|---|---|---|---|---|---|---|---|---|---|---|
| Universal Decimal Classification | National Science Library | National Science Library | GF/Rk-21/C-10/R-1 | 14/02/1986 | 683.953(082).2 M5 | 167427 | 12/06/2023 | 14/02/1986 | Reference |